Accretion processes in astrophysical systems- some like it hot! (Record no. 12949)

MARC details
000 -LEADER
fixed length control field 00931nam a2200229Ia 4500
003 - CONTROL NUMBER IDENTIFIER
control field IN-BaIIA
008 - FIXED-LENGTH DATA ELEMENTS--GENERAL INFORMATION
fixed length control field 211028s9999 xx 000 0 eng d
020 ## - INTERNATIONAL STANDARD BOOK NUMBER
International Standard Book Number 1-56396-767-7
040 ## - CATALOGING SOURCE
Transcribing agency IIA Library
080 ## - UNIVERSAL DECIMAL CLASSIFICATION NUMBER
Universal Decimal Classification number 524(082.2)
Item number HOL
111 ## - MAIN ENTRY--MEETING NAME
Meeting name or jurisdiction name as entry element Astrophysics Conference
Number of part/section/meeting 8th
Location of meeting USA
Date of meeting or treaty signing 1997 Oct.
9 (RLIN) 22726
245 #0 - TITLE STATEMENT
Title Accretion processes in astrophysical systems- some like it hot!
Remainder of title proceedings of the eighth astrophysics conference, College Park, USA, October 1997
Statement of responsibility, etc. edited by Stephen S. Holt and Timothy R. Kallman
260 ## - PUBLICATION, DISTRIBUTION, ETC.
Place of publication, distribution, etc. Newyork
Name of publisher, distributor, etc. American Institute of Physics
Date of publication, distribution, etc. 1998
300 ## - PHYSICAL DESCRIPTION
Extent xiv, 562p.
490 ## - SERIES STATEMENT
Series statement AIP conference proceedings; v. 431
650 ## - SUBJECT ADDED ENTRY--TOPICAL TERM
Topical term or geographic name entry element Astrophysical systems
9 (RLIN) 22727
650 ## - SUBJECT ADDED ENTRY--TOPICAL TERM
Topical term or geographic name entry element Astrophysics
9 (RLIN) 794
700 ## - ADDED ENTRY--PERSONAL NAME
Personal name Holt, Stephen S., ed.
9 (RLIN) 17868
700 ## - ADDED ENTRY--PERSONAL NAME
Personal name Kallman, Timothy R., ed.
9 (RLIN) 22728
710 ## - ADDED ENTRY--CORPORATE NAME
Corporate name or jurisdiction name as entry element American Institute of Physics
9 (RLIN) 2416
942 ## - ADDED ENTRY ELEMENTS (KOHA)
Koha item type Books
Holdings
Withdrawn status Lost status Damaged status Not for loan Home library Current library Shelving location Date acquired Source of acquisition Cost, normal purchase price Total Checkouts Full call number Barcode Date last seen Cost, replacement price Price effective from Koha item type Purchase Price
        IIA Library-Bangalore IIA Library-Bangalore General Stacks 15/03/1999 TBH 9723.60   524(082.2)/ HOL 13866 05/11/2021 9723.60 15/03/1999 Books Rs. 9723.60

Powered by Koha